000 00810cam a2200241 a 4500
001 26968
003 BD-RjUL
005 20211209051108.0
008 140324r1951 enkabcf 001 0 eng u
035 _a(BD-RjUL)27039
040 _cOUN
_dOCL
_dNYP
_dUKM
_dEQO
_dBD-RjUL
_aBD-RjUL
_beng
041 _aeng
082 0 4 _a962.403
_218
_bTHM 1965
100 1 _aTheobald, A. B.
_q(Alan Buchan)
_982879
245 1 4 _aThe Mahdīya :
_ba history of the Anglo-Egyptian Sudan, 1881-1899 /
_cby A.B. Theobald.
260 _aLondon :
_bLongmans,
_c1951 [impression 1965].
300 _aix, 273 p., [5] p. of plates :
_bill., maps, ports. ;
_c23 cm.
504 _aincludes Bibliographical reference and index.
651 0 _aSudan
_xHistory
_y1881-1899.
_982848
942 _2ddc
_cBK
999 _c26968
_d26968